[Event "Challenge"]
[Site "http://www.queenalice.com/game.php?id=93524"]
[Date "2006.8.7"]
[Round "-"]
[White "reginaldox"]
[Black "vagnerpirai"]
[Result "0-1"]
[WhiteElo "1693"]
[BlackElo "1688"]

1. e4 c6 2. c4 d5 3. Nc3 dxe4 4. Nxe4 Bf5 5. d3 Bxe4 6. dxe4 Qxd1+ 7. Kxd1 e5 8.
Nf3 Nd7 9. Bd2 Ngf6 10. Bd3 Nc5 11. Kc2 Nxd3 12. Kxd3 O-O-O+ 13. Kc2 Nxe4 14.
Be3 Bc5 15. Nxe5 Bxe3 16. fxe3 Rd2+ 17. Kc1 Rxg2 18. Nxf7 Rf8 19. Rf1 Rf2 20.
Rxf2 Nxf2 21. Nd6+ Kc7 22. c5 Nd3+ 23. Kd2 Nxc5 24. Nc4 Rf2+ 25. Kc3 Rxh2 26. b4
Ne4+ 27. Kd4 Nd2 28. Ne5 Rh4+ 29. Kd3 Ne4 30. Nf3 Rg4 31. a3 Nf6 32. Rh1 h5 33.
Ne5 Rg3 34. Kd4 g5 35. Rh2 h4 36. a4 h3 37. e4 g4 38. Nd3 Rg2 39. Rh1 h2 40. e5
Nh5 41. Nc5 g3 0-1

[Event "Challenge"]
[Site "http://www.queenalice.com/game.php?id=97555"]
[Date "2006.8.19"]
[Round "-"]
[White "Joe_Boyd"]
[Black "vagnerpirai"]
[Result "0-1"]
[WhiteElo "1615"]
[BlackElo "1681"]

1. e4 c6 2. d4 d5 3. f3 dxe4 4. fxe4 e5 5. d5 cxd5 6. exd5 Bf5 7. c4 Qh4+ 8. g3
Qe4+ 9. Qe2 Qxh1 10. Qxe5+ Be7 11. d6 Qxg1 12. dxe7 Nxe7 13. Be3 Qxh2 14. Nc3
Nc6 15. O-O-O Nxe5 0-1

[Event "Challenge"]
[Site "http://www.queenalice.com/game.php?id=101225"]
[Date "2006.8.31"]
[Round "-"]
[White "vagnerpirai"]
[Black "Alan"]
[Result "0-1"]
[WhiteElo "1718"]
[BlackElo "1719"]

1. e4 e5 2. d4 exd4 3. c3 dxc3 4. Bc4 c2 5. Qxc2 Bb4+ 6. Kf1 Qe7 7. b3 Nc6 8.
Bb2 f6 9. Nf3 d6 10. Nc3 Bxc3 11. Qxc3 Bg4 12. Bb5 Bd7 13. Nd4 Nxd4 14. Bxd7+
Qxd7 15. Qxd4 Ne7 16. Rc1 Nc6 17. Qd1 O-O-O 18. Qf3 Rhf8 19. g3 Ne5 20. Bxe5
fxe5 21. Qe3 Kb8 22. Kg2 Rf6 23. Rhf1 Rdf8 24. f4 Rh6 25. f5 Qf7 26. Rc2 Qh5 27.
Kg1 Qg4 28. Qc3 c6 29. Qd3 Kc7 30. b4 a6 31. b5 axb5 32. Qxb5 Qxe4 33. Qa5+ Kb8
34. Qb6 Qxc2 35. Rb1 Qxh2+ 36. Kf1 Rxf5+ 37. Ke1 Qh1+ 38. Ke2 Qe4+ 39. Kd2 Rh2+
0-1

[Event "Challenge"]
[Site "http://www.queenalice.com/game.php?id=102253"]
[Date "2006.9.4"]
[Round "-"]
[White "Joe_Boyd"]
[Black "vagnerpirai"]
[Result "0-1"]
[WhiteElo "1657"]
[BlackElo "1704"]

1. e4 c6 2. d4 d5 3. Nc3 dxe4 4. Nxe4 Bf5 5. Bd3 Qxd4 6. Ne2 Qd8 7. N2g3 Bxe4 8.
Nxe4 e6 9. O-O Nf6 10. Bg5 Be7 11. Nxf6+ Bxf6 12. Bxf6 Qxf6 13. Qg4 Nd7 14. c3
Ne5 15. Qe4 Nxd3 16. Qxd3 Rd8 17. Qg3 O-O 18. Rfe1 Rd2 19. b4 Rfd8 20. h4 R2d3
21. Qc7 Qxh4 22. Qxb7 Rxc3 23. Qxa7 Rc2 24. Re5 Rcd2 25. Rae1 Rd1 26. Re4 Qxe4
27. Rxd1 Rxd1+ 0-1

[Event "Let's play chess"]
[Site "http://www.queenalice.com/game.php?id=102276"]
[Date "2006.9.4"]
[Round "-"]
[White "dequeue"]
[Black "vagnerpirai"]
[Result "0-1"]
[WhiteElo "1766"]
[BlackElo "1660"]

1. d4 d5 2. c4 c6 3. Nf3 Bg4 4. Nc3 Bxf3 5. exf3 Nf6 6. Bg5 e6 7. a3 Be7 8. c5
Nbd7 9. Bd3 O-O 10. O-O b6 11. b4 b5 12. Re1 a5 13. Ra2 axb4 14. axb4 Rxa2 15.
Nxa2 Qa8 16. Qc2 Qa7 17. Nc1 Ra8 18. Bd2 Qa4 19. Nb3 Qa2 20. Ra1 Qxa1+ 21. Nxa1
Rxa1+ 22. Bc1 Nh5 23. g3 Bg5 24. f4 Nxf4 25. Bf1 Nh3+ 26. Bxh3 Rxc1+ 27. Qxc1
Bxc1 28. f4 Be3+ 29. Kf1 Bxd4 30. Ke2 Bc3 31. f5 Nf8 32. fxe6 Nxe6 0-1

[Event "AUTO-INT-162"]
[Site "http://www.queenalice.com/game.php?id=103712"]
[Date "2006.9.8"]
[Round "1"]
[White "Pegasus"]
[Black "vagnerpirai"]
[Result "0-1"]
[WhiteElo "1569"]
[BlackElo "1680"]

1. d4 d5 2. c4 c6 3. Nc3 Nf6 4. Qc2 Bg4 5. f3 Bh5 6. e4 dxe4 7. Nxe4 Qxd4 8.
Nxf6+ Qxf6 9. Nh3 e6 10. Bg5 Qe5+ 11. Be2 Bb4+ 12. Bd2 Bg6 13. Bxb4 Bxc2 0-1

[Event "AUTO-INT-162"]
[Site "http://www.queenalice.com/game.php?id=103713"]
[Date "2006.9.8"]
[Round "1"]
[White "vagnerpirai"]
[Black "Pegasus"]
[Result "1-0"]
[WhiteElo "1763"]
[BlackElo "1556"]

1. e4 e5 2. d4 exd4 3. c3 dxc3 4. Bc4 cxb2 5. Bxb2 Nc6 6. Nh3 Nf6 7. Ng5 Ne5 8.
Bxe5 Bb4+ 9. Kf1 O-O 10. Nxf7 Rxf7 11. Bxf7+ Kxf7 12. Qb3+ d5 13. Bxf6 Kxf6 14.
Qxb4 dxe4 15. Nc3 Qd3+ 16. Kg1 e3 17. Qf4+ Bf5 18. Qxe3 Qa6 19. Nd5+ Kg6 20.
Ne7+ Kf6 21. Nd5+ Kg6 22. Qg3+ Kf7 23. Qxc7+ Kf8 24. Re1 Qxa2 25. Qe7+ Kg8 26.
Qxb7 Rf8 27. Ne7+ Kh8 28. Nxf5 Rxf5 29. Re8+ 1-0

[Event "AUTO-INT-162"]
[Site "http://www.queenalice.com/game.php?id=103728"]
[Date "2006.9.8"]
[Round "1"]
[White "joaofernandesneto"]
[Black "vagnerpirai"]
[Result "1-0"]
[WhiteElo "1709"]
[BlackElo "1678"]

1. d4 d5 2. Nc3 c6 3. e4 dxe4 4. Nxe4 Bf5 5. Nc5 b6 6. Nd3 Qxd4 7. Nf3 Qd8 8.
Nfe5 e6 9. Qf3 Qd5 10. Bf4 Bxd3 11. Bxd3 Bb4+ 12. c3 Bd6 13. Be4 Qb5 14. Nxf7
Bxf4 15. Qxf4 Nf6 16. Nd6+ 1-0

[Event "AUTO-INT-162"]
[Site "http://www.queenalice.com/game.php?id=103729"]
[Date "2006.9.8"]
[Round "1"]
[White "vagnerpirai"]
[Black "joaofernandesneto"]
[Result "1-0"]
[WhiteElo "1696"]
[BlackElo "1763"]

1. e4 e5 2. d4 exd4 3. c3 dxc3 4. Bc4 cxb2 5. Bxb2 Nf6 6. e5 Qe7 7. Qe2 Ng8 8.
Qh5 Qb4+ 9. Nd2 g6 10. Qf3 Nh6 11. Bc3 Qc5 12. e6 dxe6 13. Bxh8 Nc6 14. Ne2 b5
15. Bb3 Bb7 16. Rc1 Qb6 17. Qf4 O-O-O 18. O-O Nf5 19. a4 Bd6 20. Qg4 Rxh8 21.
axb5 Qxb5 22. Ba4 Qb6 23. Bxc6 Bxc6 24. Nc4 Qb5 25. Nxd6+ cxd6 26. Rxc6+ Kd7 27.
Rfc1 h5 28. Rc7+ Kd8 29. Qg5+ Ke8 30. Rc8+ Kd7 31. R1c7# 1-0

[Event "AUTO-INT-162"]
[Site "http://www.queenalice.com/game.php?id=103738"]
[Date "2006.9.8"]
[Round "1"]
[White "kako"]
[Black "vagnerpirai"]
[Result "1-0"]
[WhiteElo "1763"]
[BlackElo "1758"]

1. d4 d5 2. Nf3 Bf5 3. e3 e6 4. a3 Nc6 5. Nc3 Nf6 6. Bd3 Bxd3 7. Qxd3 Bd6 8. O-O
O-O 9. e4 dxe4 10. Nxe4 Nxe4 11. Qxe4 Qf6 12. c3 e5 13. d5 Ne7 14. Ng5 Qg6 15.
Qxg6 Nxg6 16. c4 Be7 17. b4 Bxg5 18. Bxg5 f6 19. Be3 Rfd8 20. Rfd1 b6 21. g3 Rd6
22. c5 bxc5 23. Bxc5 Rd7 24. Rd2 a6 25. Rc1 Rad8 26. Rcd1 Kf7 27. Kg2 Ne7 28. h4
Nxd5 29. Kh2 Ke6 30. Rd3 c6 31. a4 g6 32. Re1 f5 33. Rc1 e4 34. Rd4 Nf6 35. Rxd7
Rxd7 36. Be3 Nd5 37. Rxc6+ Rd6 38. Rc4 Nxe3 39. Rc1 Nd5 40. Rc8 Nxb4 41. Rh8 Rd7
42. Re8+ Re7 43. Rb8 a5 44. Rb6+ Kf7 45. Rb5 Ra7 46. Kg2 Ke6 47. Rb6+ Kd5 48.
Kf1 Kc5 49. Rb8 Kc4 50. Ke2 Kb3 51. f3 exf3+ 52. Kxf3 Kxa4 53. Re8 Rc7 54. Re5
Kb3 55. Kf4 h6 56. Rxa5 Rc4+ 57. Kf3 Rg4 58. Ra8 Kc4 59. Rh8 1-0

[Event "AUTO-INT-162"]
[Site "http://www.queenalice.com/game.php?id=103739"]
[Date "2006.9.8"]
[Round "1"]
[White "vagnerpirai"]
[Black "kako"]
[Result "0-1"]
[WhiteElo "1702"]
[BlackElo "1723"]

1. e4 e5 2. d4 Qe7 3. Bc4 Nf6 4. Nc3 c6 5. d5 Qb4 6. dxc6 Qxc4 7. cxb7 Bxb7 8.
f3 Bc5 9. Qe2 Qxe2+ 10. Ngxe2 O-O 11. Ng3 Nc6 12. Bg5 Ne8 13. Nd5 Nd4 14. O-O
Nxc2+ 15. Kh1 Nxa1 16. Rxa1 h6 17. Be7 Bxe7 18. Nxe7+ Kh8 19. Nef5 Kh7 20. Rd1
Rd8 21. Rd6 Nxd6 22. Ne3 Rc8 0-1

[Event "Challenge"]
[Site "http://www.queenalice.com/game.php?id=104646"]
[Date "2006.9.11"]
[Round "-"]
[White "raskolnikoff"]
[Black "vagnerpirai"]
[Result "0-1"]
[WhiteElo "1675"]
[BlackElo "1750"]

1. e4 c6 2. d4 d5 3. Nc3 dxe4 4. Nxe4 Bf5 5. Bd3 Bxe4 6. Bxe4 Nf6 7. Bf3 e6 8.
Ne2 Bd6 9. Bg5 Be7 10. O-O O-O 11. c4 Nfd7 12. Bxe7 Qxe7 13. Qd2 c5 14. Bxb7 Nc6
15. Bxc6 Rab8 16. Bxd7 Qxd7 17. b3 cxd4 18. Qxd4 Qc7 19. f4 Rfd8 20. Qe3 Rd6 21.
Nd4 Rbd8 22. Nb5 Rd3 23. Nxc7 Rxe3 24. f5 exf5 25. Rxf5 Re2 26. Nd5 f6 27. Kf1
Rde8 28. a4 Rb2 29. b4 Ree2 30. c5 Rbc2 31. Re1 Rxg2 32. Re8+ Kf7 33. Re7+ Kf8
34. c6 Rxh2 35. Kg1 Rhd2 36. Rd7 Rxc6 37. Rf2 Rd4 38. Kg2 h6 39. b5 Rc5 40. Rf5
Ke8 41. Nc7+ Kxd7 42. Rxc5 Rxa4 43. Na6 Kd6 44. Rc6+ Kd5 45. Nc7+ Ke5 46. Re6+
Kf5 47. Re7 g5 48. Nd5 Ra5 49. Nc3 h5 50. Ne2 h4 51. Rb7 Kg4 0-1

[Event "Challenge"]
[Site "http://www.queenalice.com/game.php?id=106997"]
[Date "2006.9.17"]
[Round "-"]
[White "Jorge"]
[Black "vagnerpirai"]
[Result "0-1"]
[WhiteElo "1408"]
[BlackElo "1663"]

1. Nf3 c6 2. e4 d5 3. Nc3 dxe4 4. Nxe4 Bf5 5. Bd3 Bxe4 6. Bxe4 e6 7. O-O Bd6 8.
c4 Nf6 9. Bc2 Ng4 10. Ng5 Bxh2+ 11. Kh1 Qxg5 12. d4 Qh5 13. Be4 Bc7+ 0-1

[Event "tupiniquim    "]
[Site "http://www.queenalice.com/game.php?id=113612"]
[Date "2006.10.5"]
[Round "-"]
[White "val_si"]
[Black "vagnerpirai"]
[Result "1-0"]
[WhiteElo "1584"]
[BlackElo "1771"]

1. e4 c6 2. d4 d5 3. e5 Bf5 4. Nd2 e6 5. Ndf3 c5 6. Bb5+ Nc6 7. Bxc6+ bxc6 8. c3
cxd4 9. Nxd4 Bg6 10. Nxc6 Qb6 11. Nd4 Bc5 12. Qa4+ Kf8 13. Nge2 Ne7 14. O-O Nf5
15. Nxf5 Bxf5 16. b4 Be7 17. Be3 Qb7 18. Qd1 Rc8 19. Bd4 Bg4 20. f3 Bf5 21. a4
Qa6 22. Ng3 Bd3 23. b5 Bxb5 24. axb5 Qxb5 25. Rxa7 Bc5 26. Ra4 Bxd4+ 27. cxd4 g6
28. Rf2 Kg7 29. Ra1 Ra8 30. Rb1 Qc4 31. Rc2 Qa6 32. Rcc1 Rhb8 33. Rxb8 Rxb8 34.
Ne2 Rb4 35. Kf2 Qb6 36. h4 h5 37. Qd2 Rb2 38. Qf4 Qb5 39. Qf6+ Kg8 40. Rc8+ 1-0